D. Augustini Barbosae J. V. D. Lusitani, protonotarii apostolici... Repertorium juris civilis et canonici

Detalles Bibliográficos
Autor principal: Barbosa, Agustín (1590-1649)
Formato: Libro
Lenguaje:Undetermined
Latin
Publicado: Lugduni : sumptibus Anisson et Joannis Posuel, 1713.
Materias:
Colección:Banco de datos
Acervo:Biblioteca Palafoxiana. Colección bibliográfica
Descripción Física:[4], 250, [58] p. ; f°
Tema general:Derecho civil
Notas:Número de localización: 13497
LEADER 00606nam a2200169Ia 4500
008 150723s9999 xx 000 0 und d
041 0 |a lat 
050 0 |a PAFX K623 B3 
100 1 |a Barbosa, Agustín (1590-1649) 
245 1 0 |a D. Augustini Barbosae J. V. D. Lusitani, protonotarii apostolici... Repertorium juris civilis et canonici 
260 |a Lugduni : sumptibus Anisson et Joannis Posuel, 1713. 
300 |a [4], 250, [58] p. ; f° 
500 |a Número de localización: 13497 
650 1 0 |a Derecho civil 
942 |c PALALIB 
943 |g Biblioteca Palafoxiana. Colección bibliográfica 
999 |c 1047849  |d 1047849